Normal view MARC view

Entry Personal Name

Number of records used in: 1

001 - CONTROL NUMBER

  • control field: 30074

003 - CONTROL NUMBER IDENTIFIER

  • control field: dpl

005 - DATE AND TIME OF LATEST TRANSACTION

  • control field: 20110726103457.0

008 - FIXED-LENGTH DATA ELEMENTS

  • fixed length control field: 110726|||a|||||| | ||| d

040 ## - CATALOGING SOURCE

  • Original cataloging agency: dpl
  • Transcribing agency: dpl

100 ## - HEADING--PERSONAL NAME

  • Personal name: Vilanilam, J.V.

670 ## - SOURCE DATA FOUND

  • Source citation: Work cat.: (dpl): Vilanilam, J.V. , Growth and development of mass communication in India / , 2009(repr.).

670 ## - SOURCE DATA FOUND

  • Source citation: Work cat.: (dpl): Vilanilam, J.V. , Growth and development of mass communication in India / , 2009(repr.).

© Delhi Public Library
Hit Counter
free hit counter